| 000 | 00590cam a2200181 a 4500 | ||
|---|---|---|---|
| 001 | 000007640 | ||
| 005 | 20200929154237.0 | ||
| 008 | 780105s1971 ag a 001 p spa | ||
| 040 |
_aDO-SdBNP _cNmLcU _dDLC |
||
| 082 |
_aA861.44 _bB977e |
||
| 100 | 1 |
_aBusciolano Lazo, Gerardo, _d1904- _921195 |
|
| 245 | 1 | 0 |
_aElegía fecunda : _bprosas breves / _cGerardo Busciolano Lazo. |
| 260 |
_aCórdoba, Argentina : _bTa.P.AS, _c1971. |
||
| 300 |
_a71 p. : _bil. ; _c23 cm. |
||
| 650 | 4 |
_aProsa argentina _921196 |
|
| 650 | 4 |
_aLiteratura argentina _ySIGLO XX _914711 |
|
| 910 | _aCatalogación por copia / LC | ||
| 999 |
_c7420 _d7420 |
||